| 000 | 01331nac a22003371i 4500 | ||
|---|---|---|---|
| 003 | EG-ScBUE | ||
| 005 | 20240527122109.0 | ||
| 008 | 100214s1995 enka f b 001 0 eng d | ||
| 020 | _a186064774X | ||
| 035 | _a(OCoLC)33391135 | ||
| 040 |
_aEG-ScBUE _beng _erda _cEG-ScBUE _dEG-ScBUE |
||
| 043 | _aa-is--- | ||
| 082 | 0 | 4 |
_a956.94054 _bSHI _222 |
| 100 | 1 |
_aShindler, Colin, _eauthor. _911323 |
|
| 245 | 1 | 4 |
_aThe land beyond promise : _bIsrael, Likud and the Zionist dream / _cColin Shindler. |
| 264 | 1 |
_aLondon ; _aNew York : _bI. B. Tauris, _c1995. |
|
| 300 |
_axix, 324 pages : _billustrations ; _c23 cm |
||
| 336 |
_2rdacontent _atext _btxt |
||
| 337 |
_aunmediated _2rdamedia _bn |
||
| 338 |
_avolume _bnc _2rdacarrier |
||
| 504 | _aIncludes bibliographical references and index. | ||
| 600 | 1 | 7 |
_aBegin, Menachem, _d1913-1992. _2BUEsh _911324 |
| 600 | 1 | 7 |
_aShamir, Itzhak, _d1915- _2BUEsh _911325 |
| 610 | 2 | 7 |
_aLikud (Political party : Israel) _xHistory. _2BUEsh _911326 |
| 650 | 7 |
_aRevisionist Zionism _xHistory. _2BUEsh _911327 |
|
| 651 | 7 |
_aIsrael _xPolitics and government. _2BUEsh _911328 |
|
| 655 | _vReading book | ||
| 856 | 4 | 2 |
_3Publisher description _uhttp://www.loc.gov/catdir/description/hol055/95060075.html |
| 856 | 4 | 2 |
_3Table of contents _uhttp://www.loc.gov/catdir/toc/hol052/95060075.html |
| 942 |
_cBB _2ddc |
||
| 999 |
_c5115 _d5115 |
||